Kader Dortmund Meisterschaft 2010/2011 - Statistiken

Allgemein
  • Dieses Quiz wurde 114 mal gespielt
    77 seit der letzten Aktualisierung
  • Das Durchschnittsergebnis liegt bei 15 aus 32
Antwortstatistiken
Hint Antwort % Korrekt
Trainer Jürgen Klopp 16.06.1967
99%
1 Roman Weidenfeller 06.08.1980
97%
15 Mats Hummels 16.12.1988
96%
7 Robert Lewandowski 21.08.1988
93%
29 Marcel Schmelzer 22.01.1988
87%
31 Mario Götze 03.06.1992
85%
5 Sebastian Kehl 13.02.1980
79%
4 Neven Subotić 10.12.1988
75%
19 Kevin Großkreutz 19.07.1988
73%
18 Lucas Barrios 13.11.1984
70%
8 Nuri Şahin 05.09.1988
66%
17 Dedê 18.04.1978
65%
23 Shinji Kagawa 17.03.1989
65%
26 Łukasz Piszczek 03.06.1985
62%
20 Mitchell Langerak 22.08.1988
61%
22 Sven Bender 27.04.1989
61%
27 Felipe Santana 17.03.1986
55%
16 Jakub Błaszczykowski 14.12.1985
48%
32 Antônio da Silva 13.06.1978
38%
10 Mohamed Zidan 11.12.1981
35%
25 Patrick Owomoyela 05.11.1979
34%
6 Florian Kringe 18.08.1982
25%
9 Nelson Valdez 28.11.1983
17%
14 Markus Feulner 12.02.1982
13%
30 Tamás Hajnal 15.03.1981
10%
13 Damien Le Tallec 19.04.1990
8%
39 Marco Stiepermann 09.02.1991
8%
11 Dimitar Rangelov 09.02.1983
6%
44 Marc Hornschuh 02.03.1991
6%
28 Daniel Ginczek 13.04.1991
4%
41 Johannes Focher 20.01.1990
4%
2 Lasse Sobiech 18.01.1991
4%
Keine übereinstimmenden Quizze gefunden
Verteilung der Resultate
Anzahl Personen mit jedem Resultat
Perzentil nach korrekt beantworteten Fragen
Ihre Resultats-Entwicklung
Sie haben dieses Quiz seit der letzten Aktualisierung nicht gespielt